| 000 | 00586nam a22002057a 4500 | ||
|---|---|---|---|
| 003 | OSt | ||
| 005 | 20140310184346.0 | ||
| 008 | 121112t xxu||||| |||| 00| 0 eng d | ||
| 020 | _a0590478796 | ||
| 050 |
_aPZ 7 _b.Sl6294Wf 1995 |
||
| 100 |
_aSlater, Tedyy. _924803 |
||
| 245 |
_aWho's afraid of the big, bad bully? / _cTeddy Slater; illustrated by Pat Porter |
||
| 260 |
_aNew York, NY : _bScholastic Inc., _c1995 |
||
| 300 |
_bill. : col. ; _c20 cm. _a46 p. : |
||
| 521 | _aG2 | ||
| 526 | _c480 | ||
| 650 |
_aBully _xJuvenile _924804 |
||
| 942 |
_2lcc _cBK-SCHOLAS |
||
| 999 |
_c33871 _d33871 |
||